Cariera 7 σε 1 ECDL / Business & Computing School (Record no. 2310)
[ view plain ]
| 000 -LEADER | |
|---|---|
| fixed length control field | 01252cam a22001694a 4500 |
| 005 - ΗΜΕΡΟΜΗΝΙΑ ΚΑΙ ΩΡΑ ΤΕΛΕΥΤΑΙΑΣ ΕΝΗΜΕΡΩΣΗΣ | |
| Πεδίο ελέγχου | 20250605163324.0 |
| 008 - FIXED-LENGTH DATA ELEMENTS--GENERAL INFORMATION | |
| Πεδίο ελέγχου σταθερού μήκους | 250528s ||||||||||||||||||||||||d |
| 035 ## - SYSTEM CONTROL NUMBER | |
| System control number | 16858 |
| 040 ## - ΠΗΓΗ ΚΑΤΑΛΟΓΟΓΡΑΦΗΣΗΣ | |
| Φορέας πρωτότυπης καταλογογράφησης | MC Athens Campus Library |
| Γλώσσα καταλογογράφησης | Ελληνικά, Μοντέρνα (1453-) |
| Modifying agency | MC Athens Campus Library |
| Κανόνες περιγραφικής καταλογογράφησης | AACR2 |
| 245 1# - ΤΙΤΛΟΣ ΚΑΙ ΔΗΛΩΣΗ ΥΠΕΥΘΥΝΟΤΗΤΑΣ | |
| Τίτλος | Cariera 7 σε 1 ECDL / Business & Computing School |
| 260 ## - PUBLICATION, DISTRIBUTION, ETC. | |
| Name of publisher, distributor, etc. | Γκιούρδας, |
| Date of publication, distribution, etc. | 2003 |
| 300 ## - PHYSICAL DESCRIPTION | |
| Extent | 114 |
| 520 ## - SUMMARY, ETC. | |
| Summary, etc. | Βασικές Έννοιες Πληροφορικής, Windows XP, Word 2003, Excel 2003, Access 2003, Power point 2003, Internet. Περιέχει CD-ROM. Βασικές 'Εννοιες της Πληροφορικής, Χρήση του Υπολογιστή και Διαχείριση Αρχείων με τα Ελληνικά MS Windows, Επεξεργασία Κειμένου με Χρήση του Ελληνικού MSWord 2003, Υπολογιστικά Φύλλα με Χρήση του Ελληνικού NS Excel 2003, Βάσεις Δεδομένων με τη Χρήση της Ελληνικής Microsoft Access 2003, Παρουσιάσεις με Χρήση του Ελληνικού Microsoft Power point 2003, Διαχείριση Πληροφοριών και Επικοινωνίες με τον Internet Explorer 6. |
| 942 ## - ADDED ENTRY ELEMENTS (KOHA) | |
| Koha item type | Books |
| Τύπος τεκμηρίου | Βιβλιοθήκη | Τρέχουσα τοποθεσία | Barcode | Αριθμός εισαγωγής | Ημερομηνία απόκτησης | Ταξιθετικό σύμβολο | Αριθμός αντιτύπου | Κατάσταση απόσυρσης | Κατάσταση χαμένου | Κατάσταση κατεστραμμένου | Μη δανεισμός | Σύνολο δανεισμών | Ημερομηνία τελευταίας εμφάνισης | Η τιμή ισχύει από |
|---|---|---|---|---|---|---|---|---|---|---|---|---|---|---|
| Books | MC Athens Campus Library | MC Athens Campus Library | 9780000023094 | 5468 | 05/06/2025 | 005.1 CAR | 1 | 05/06/2025 | 05/06/2025 |